Statistiques concernant Les 10 villes les plus peuplées de Charente Maritime

Cliquez ici pour prendre le quiz!

Statistiques générales

  • Ce quiz a été pris 86 fois
  • Le résultat moyen est 5 sur 10

Statistiques - réponses

Population (en 2020)Commune% Correct
77 210La Rochelle
100%
25 412Saintes
87%
23 410Rochefort
81%
18 638Royan
81%
9 397Aytré
41%
6 801Surgères
36%
7 193Lagord
22%
7 200Saujon
19%
8 142Tonnay-Charente
18%
8 741Périgny
9%

Distribution des résultats

Percentile par nombre de réponses

% des personnes avec chaque résultat

Votre développement - résultats

Vous n’avez pas pris ce quiz